| 000 | 00519nam a22001937a 4500 | ||
|---|---|---|---|
| 003 | OSt | ||
| 005 | 20161110185633.0 | ||
| 008 | 161110b xxu||||| |||| 00| 0 eng d | ||
| 020 | _a0761954899 | ||
| 040 | _cDDC. | ||
| 082 | _a370.079COC 2001. | ||
| 100 |
_aEdited by Corkburn,D.anne; _911277 |
||
| 245 | _aTeaching children 3 to 11. | ||
| 260 |
_aLondon. _bPaul Chapman and Chapters. _c2001. |
||
| 300 |
_aviii,264p; _bill: _c23cm. |
||
| 504 | _aincludes index | ||
| 650 |
_aEducation; _91404 |
||
| 942 |
_2ddc _cO_SHELF |
||
| 999 |
_c5392 _d5392 |
||